Serrat y Sabina : el símbolo y el cuate /

Gardado en:
Detalles Bibliográficos
Autor Principal: Relea, Francesc (realización)
Outros autores: Relea, Francesc (guión) (guión), Carcas, Carlos (fotógrafo) (fotógrafo), Mestre, Carles (fotógrafo) (fotógrafo), Prieto Cabrera, Carlos (montaje) (montaje)
Formato: Deslizar
Idioma:Lingua castelá
Publicado: Barcelona, España : What's Up Doc, 2013, c2013
Edición:Edición en doble formato DVD/CD sonoro
Temas:
Etiquetas: Engadir etiqueta
Sen Etiquetas, Sexa o primeiro en etiquetar este rexistro!

MARC

LEADER 00000ngm^a2200000^a^4500
001 000395352
005 20251020000000.0
009 20260310121401.225
037 |a Acervo ITESO - Biblioteca 
041 |a ESP 
082 |a 787. 30946  |b SER V. 1 
100 |a Relea, Francesc  |e (realización) 
240 1 1 |a [Serrat y Sabina: el símbolo y el cuate] 
245 1 0 |a Serrat y Sabina :  |b el símbolo y el cuate /  |c Realización de F. Relea. 
246 2 |a Título en la pantalla: El símbolo y el cuate 
250 |a Edición en doble formato DVD/CD sonoro 
264 4 |a Barcelona, España :  |b What's Up Doc,  |c 2013, c2013 
264 2 |a México :  |b Sony Music Entertainment [distribución],  |c 2014, c2014 
300 |a 1 DVD multirregión (82 min.) :  |b color 
336 |a imagen móvil bidimensional  |b tdi  |2 rdacontenido 
337 |a video  |b v  |2 rdamedio 
338 |a videodisco  |b vd  |2 rdasoporte 
546 |a En español, con subtítulos opcionales: inglés 
585 |a Festival Internacional de Cine de San Sebastián (61°: 2013): Participante española filmada en México, sección paralela Zabaltegi 
585 |a Ambulante: Gira de Documentales (10ª: 2015): Participante sección Sonidero 
586 |a Premio Príncipe de Asturias de las Artes 2024: Biografías, crítica e interpretación 
649 |a XX 
650 |a Cantantes Españoles 
650 |a Músicos Españoles 
650 |a Documentales 
650 |a Opera Prima 
650 |a Cine Español -  |y 2010-2019 
650 |a Cine Español -  |y Siglo XXI 
650 |a Conciertos (Espectáculos) -  |z Latinoamérica 
650 |a Giras Artísticas -  |z Latinoamérica 
650 |a Canción de Autor -  |z Latinoamérica -  |x Difusión -  |x Tema Principal 
650 |a Canción de Autor -  |z España -  |x Historia y Crítica -  |x Tema Principal 
650 |a Rock -  |z España -  |x Historia y Crítica 
650 |a Música Popular Moderna -  |z España -  |x Historia y Crítica 
650 |a Música -  |z Latinoamérica -  |x Aspectos Políticos 
650 |a Música -  |x Aspectos Políticos 
650 |a Música y Sociedad -  |z Latinoamérica -  |x Historia y Crítica 
650 |a Música Española -  |x Historia y Crítica 
650 |a Música Española -  |y Siglo XX 
650 |a Música Española -  |y Siglo XXI 
650 |a Relaciones Interculturales -  |z España-Latinoamérica -  |x Historia 
650 |a México (Ciudad) en el Cine 
650 |a México en el Cine 
650 |a Latinoamérica en el Cine 
650 |a Sabina, Joaquín -  |x Tema Principal 
650 |a Serrat, Joan Manuel -  |x Tema Principal 
700 |a Relea, Francesc  |e (guión) 
700 |a Carcas, Carlos  |e (fotógrafo) 
700 |a Mestre, Carles  |e (fotógrafo) 
700 |a Prieto Cabrera, Carlos  |e (montaje) 
910 |a Fondo General 
920 |a Audiovisuales - DVDs 
940 |a DVDs y Videos de Música 
940 |a Películas 
905 |a 307 
901 |a 0500290467  |b IT2  |c DVM  |i C142306  |u 20250528 
901 |a 0500290602  |b IT2  |c MIM  |u 20251020 
902 |a https://opac.biblio.iteso.mx/vufind/Record/000395352